000 00429nam a22001697a 4500
005 20180326120528.0
008 160523b xxu||||| |||| 00| 0 eng d
020 _a81-203-1056-X
041 _aeng
082 _b4218
_a338.88
100 _aEdwards, Chris & Others
_91052
245 _aThe Essence of Information Systam
260 _aNew Delhi
_bAcademic Faundation
300 _a205
650 _aManagement
_9241
942 _cBK
999 _c1434
_d1434